01259 a2200205 45000010006000000050017000060080041000230030015000640400040000790800022001192450043001410200018001842640056002023000024002585050559002821000028008417000032008697000020009018560132009212235520260407155513.0260407a1992 arg spa dAR-UNSa-BCEJYS aAR-UNSa-BCEJYSbspacAR-UNSa-BCEJYS a657xContabilidad10aPlan general francés de contabilidad a84-7196-988-2 1aMadrid :bMinisterio de Economía y Haciendac1992 a(pag. var.)c30 cm. aTítulo I: 1. Disposiciones generales - 2. Terminología 3. Plan de cuentas - Título II: 1. Reglas relativas a los métodos de valoración y a la determinación del resultado de la empresa - 2. Financiamiento de las cuentas. Documentos de síntesis - 3. Disposiciones especiales - 4. Consolidación de cuentas: metodología - Título III: 1. Disposiciones generales - 2. Sistema general de análisis contable - 3. Nomenclatura de las cuentas - 4. Métodos de cálculo - 5. Empleo de la contabilidad analítica en la gestión de la empresa1 aMallo Rodriguez, Carlos1 aFernández Peña, Enrique1 aCaravajal, Luis41uhttps://biblioeco.unsa.edu.ar/pmb/images/libros/Plan General Frances de Contabilidad-l119510.jpgyImagen de portadaqimage/jpeg